CRC handbook of Lie group analysis differential equations

Αποθηκεύτηκε σε:
Λεπτομέρειες βιβλιογραφικής εγγραφής
Άλλοι συγγραφείς: Ibragimov, N. Kh. (Nail Khairullovich)
Μορφή: Βιβλίο
Γλώσσα:English
Δημοσίευση: Boca Raton ; Ann Arbor : CRC press, c1995-c1996
Θέματα:
Ετικέτες: Προσθήκη ετικέτας
Δεν υπάρχουν, Καταχωρήστε ετικέτα πρώτοι!

MARC

LEADER 00000nam a2200000 i 4500
001 1/78373
008 990423s1995 eng d
020 |a 0-8493-2864-0 (v.2) 
020 |a 0-8493-94198 (v.2) 
035 |l 10050138 
040 |a GR-MY-UA  |b gre  |e aacr 
041 0 |a eng 
082 0 |a 515.35 
245 1 0 |a CRC handbook of Lie group analysis differential equations /  |c edited by N. H. Ibragimov 
246 3 3 |a Lie group analysis of differential equations 
260 |a Boca Raton ; Ann Arbor :   |b CRC press,   |c c1995-c1996 
300 |a v.;  |b ill.;  |c 25 cm. 
500 |a Includes bibliographical references and index 
505 0 |a v.2: Applications in engineering and physical sciences/ edited by A. V. Aksenov...[et.al.]. -- v.3. New trends in theoretical develpments and computational methods/ edited by R.L. Anderson...[et.al.] 
650 0 0 |a Differential equations, Nonlinear  |x Numerical solutions. 
650 0 0 |a Lie groups. 
700 1 |a Ibragimov, N. Kh.  |q (Nail Khairullovich) 
740 0 2 |a Applications in engineering and physical sciences 
740 0 2 |a New trends in theoretical developments and computational methods 
852 |a INST  |b SAMOS  |e 19990423  |h 515.35 CRC  |p 005300014767  |q 005300014767  |t BK  |y 0  |z v.2 
852 |a INST  |b SAMOS  |e 20000421  |h 515.35 CRC  |p 005300017938  |q 005300017938  |t BK  |y 0  |z v.3 
852 |a INST  |b SAMOS  |e 19990423  |h 515.35 CRC  |p 005300014767  |q 005300014767  |t BK  |v v.2:  |y 0  |z v.2 
852 |a INST  |b SAMOS  |e 20000421  |h 515.35 CRC  |p 005300017938  |q 005300017938  |t BK  |v v.3:  |y 0  |z v.3 
852 |a INST  |b SAMOS  |e 20000421  |h 515.35 CRC   |p 005300017543  |q 005300017543  |t BK  |v v.3:  |y 0  |z v.3 
853 |a INST  |b SAMOS  |h 515.35 CRC 
853 |a INST  |b SAMOS  |h 515.35 CRC fd 
901 |a BIBL3-2000-1 
909 |a Σ  |b 064066 
909 |a Σ  |b 076673 
909 |a Σ  |b 067861 
922 |a 3ΕΛΗ  |b 199902  |c ΚΠΣ  |d GLORY 
922 |a 3ΕΛΗ  |b 200004  |c ΚΠΣ  |d ΠΑΠΑΣΩΤΗΡΙΟΥ 
970 |a ΓΕΝΟΥΖΟΥ  |b ΧΡΥΣΑΝΘΗ  |z 2000/04/21